02277agaaa2200325 45000010005000000030009000050050017000140070009000310080040000400400023000800410013001031000044001161300029001602400035001892450197002242460028004212500022004492600110004713000033005815080192006145110085008065200741008915380016016325460013016486500056016617000061017177000056017787000062018347000055018968282IT-RoPAU20220918181237.0d cvaizq50131s9999||||xx ||| | || ||und|| aIT-RoPAUcIT-RoPAU aITALIANO aBunuel LuisgCodice regista SPICS: 8694 aANGELO STERMINATORE (L') aANGEL EXTERMINADOR (EL)gT0206 aANGELO STERMINATORE (L')cProdotto da: Alatriste Gustavo -- Sceneggiatura: Alcoriza Luis Bunuel Luis -- Diretto da: Bunuel LuispANGELO STERMINATORE (L') (Rif. Codice opera principale : 48282) aANGEL EXTERMINADOR (EL) aEdizione Standard aMEXICO (MESSICO)bALATRISTE GUSTAVO / Distribuzione: RAIg"1962 (1° ed.: 2002 ; Ed. Lingua Orig.: 1962)" aVHSbsonoro, col.c81 minuti a"Fotografia: Figueroa Gabriel; Montaggio: Savaje Carlos; Musica: Lavista Raul; Sceneggiatura: Alcoriza Luis Bunuel Luis; Scenografia: Bracho Jesus; Soggetto: Alcoriza Luis -- Bunuel Luis" a"Pinal Silva; Andere Jacqueline; Baviera Jose; Benedico Augusto; Beristain Luis" aTRATTO DA UN SOGGETTO TEATRALE SCRITTO DA JOSE' BERGAMIN INTITOLATO LOS NAUFRAGOS E SCENEGGIATO OLTRE CHE DALLO STESSO BUNUEL ANCHE DA LUIS ALCORIZA L'ANGELO STERMINATORE E' UNO DEI FILM PIU' BELLI DIRETTI DAL GRANDE MAESTROSPAGNOLO DOPO UNA PRIMA TEATRALE UNA COMITIVA DELL'ALTA BORGHESIA VIENE INVITATA A CENA IN UNA VILLA DI AMICI SUL TARDI MENTRE ASCOLTANO UNA VALENTE PIANISTA SI ACCORGONO CHE LA SERVITU' SI E' INSPIEGABILMENTE ECLISSATA CERCANO DI USCIRE DALLA VILLA MA QUALCOSA LI TRATTIENE SONO PRIGIONIERI DI LOROSTESSI E IMPROVVISAMENTE SI RITROVANO QUASI FOSSE IL GIORNO DELL'APOCALISSE A PIANGERE SUL LORO DESTINO LA SITUAZIONE SI FA SEMPRE PIU' TESA FILM IN BIANCO E NERO. UNA COPIA DISTRIBUITA DALLA MULTIMEDIA SAN PAOLO. aPAL, STEREO aITALIANO aDRAMMATICOeFILMS [VHS]xCodice MATERIA SPICS: 9960 aAlcoriza Luis e(soggetto)gCodice Soggetto SPICS: 32272 aBunuel Luis e(regista)gCodice regista SPICS: 8694 aBunuel Luis e(soggetto)gCodice Soggetto 2° SPICS: 8694 aLavista Raule(musica)gCodice Musica SPICS: 28814